Normal view
MARC view
- Qadsi, Asad ul Rehman
Entry Personal Name
001 - CONTROL NUMBER
- control field: 15476
003 - CONTROL NUMBER IDENTIFIER
- control field: NUST
005 - DATE AND TIME OF LATEST TRANSACTION
- control field: 20190625062852.0
008 - FIXED-LENGTH DATA ELEMENTS
- fixed length control field: 190625|| aca||aabn | a|a d
040 ## - CATALOGING SOURCE
- Original cataloging agency: NUST
- Transcribing agency: NUST
100 ## - HEADING--PERSONAL NAME
- Personal name: Qadsi, Asad ul Rehman
670 ## - SOURCE DATA FOUND
- Source citation: Work cat.: (NUST): Qadsi, Asad ul Rehman, Minhaj-ul-Mubeen, 2002.
